000 00386 a2200109 4500
001 ART_39757
005 20260410162012.0
008 260409a
245 1 0 _aLos procesos de política económica en Argentina: el plan de convertibilidad
100 1 _aAromando, Jorge
773 0 _tRevista de la Escuela de Economía y Negocios
_g- Año 1, Nº 1 (mar. 1999)
_wREV39725
999 _c32334
_d32334